Értekezletre hívják össze a pénzintézetek vezetőit az építkezés megindítása érdekében az építőiparosok küldöttsége a városházán
Elmentve itt :
| Dokumentumtípus: | Cikk |
|---|---|
| Megjelent: |
1932-03-31
|
| Sorozat: | Délmagyarország
8 No. 72 |
| Kulcsszavak: | Építészet Szeged |
| Online Access: | http://dmarchiv.bibl.u-szeged.hu/60048 |
| LEADER | 00527nab a2200145 i 4500 | ||
|---|---|---|---|
| 001 | delm60048 | ||
| 005 | 20180927144556.0 | ||
| 008 | 180927s1932 hu o 0|| hun d | ||
| 040 | |a SZTE Délmagyarország Archívum |b hun | ||
| 041 | |a hun | ||
| 245 | 0 | 0 | |a Értekezletre hívják össze a pénzintézetek vezetőit az építkezés megindítása érdekében |h [elektronikus dokumentum] : |b az építőiparosok küldöttsége a városházán |
| 260 | |c 1932-03-31 | ||
| 300 | |a 3 | ||
| 490 | 0 | |a Délmagyarország |v 8 No. 72 | |
| 695 | |a Építészet Szeged | ||